| 000 | 00407nam a2200169 i 4500 | ||
|---|---|---|---|
| 001 | bg | ||
| 245 | 0 |
_aDrying'82 / _ced. by Arun S. Mujumdar. |
|
| 260 |
_aWashington : _bHemisphere, _c1982. |
||
| 700 | 1 |
_aMujumdar, Arun S. _eRed. |
|
| 020 | _a08911602364 | ||
| 040 | _cBPK | ||
| 041 | _apol | ||
| 080 | _a66.047 | ||
| 920 | _a0-891160-236-4 | ||
| 942 | _cKS | ||
| 008 | s pl f |000 0 pol | ||
| 999 |
_c23430 _d23430 |
||